| 000 | 00433nam a2200145 i 4500 | ||
|---|---|---|---|
| 001 | 45273 | ||
| 003 | ES-MaACL | ||
| 005 | 20230906161206.0 | ||
| 007 | t| | ||
| 008 | 030325q19001999sp ||||1| spa d | ||
| 245 | 0 | 0 |
_aCochylis endemis piral y altisa de la vid _b: medio... para combatir... estas enfermedades. |
| 260 |
_a[S.l. : _bs.n., _c19--?] ( _eVillanueva y GeltrĂș : _fOliva) |
||
| 300 | _a65 p. | ||
| 852 |
_aES-MaACL _j1652-F-10 |
||
| 999 |
_c45273 _d45273 |
||